Manifiesto 1 de Octubre (Record no. 63287)
[ view plain ]
| 000 -LEADER | |
|---|---|
| campo de control de longitud fija | 01415nam a2200325Ia 4500 |
| 008 - DATOS DE LONGITUD FIJA--INFORMACIÓN GENERAL | |
| campo de control de longitud fija | 251003s2025 sp 000 0 spa d |
| 041 ## - CÓDIGO DE IDIOMA | |
| Código de lengua del texto/banda sonora o título independiente | spa |
| 110 2# - ENTRADA PRINCIPAL--NOMBRE DE ENTIDAD CORPORATIVA | |
| Nombre de entidad corporativa o nombre de jurisdicción como elemento de entrada | CCOO |
| Unidad subordinada | Confederación Sindical |
| 9 (RLIN) | 27927 |
| 245 10 - MENCIÓN DEL TÍTULO | |
| Título | Manifiesto 1 de Octubre |
| Resto del título | : Día Internacional de las Personas Mayores |
| Mención de responsabilidad, etc. | / CCOO, UGT |
| 260 ## - PUBLICACIÓN, DISTRIBUCIÓN, ETC. | |
| Lugar de publicación, distribución, etc. | [Madrid] : |
| Nombre del editor, distribuidor, etc. | CCOO, Confederación Sindical: |
| -- | UGT, Comisión Ejecutiva Confederal, |
| Fecha de publicación, distribución, etc. | [2025] |
| 300 ## - DESCRIPCIÓN FÍSICA | |
| Extensión | 5 p. ; |
| Dimensiones | 30 cm |
| 500 ## - NOTA GENERAL | |
| Nota general | Manifiesto conjunto con motivo del Día internacional de las Personas Mayores 2025 |
| 500 ## - NOTA GENERAL | |
| Nota general | Contiene una mención al genocidio que Israel está haciendo sobre el pueblo Palestino llamada "Paz como derecho y horizonte: contra el genocidio en Palestina" |
| 650 #0 - PUNTO DE ACCESO ADICIONAL DE MATERIA--TÉRMINO DE MATERIA | |
| Término de materia o nombre geográfico como elemento de entrada | PERSONAS DE EDAD AVANZADA |
| 9 (RLIN) | 866 |
| 650 #0 - PUNTO DE ACCESO ADICIONAL DE MATERIA--TÉRMINO DE MATERIA | |
| Término de materia o nombre geográfico como elemento de entrada | ASISTENCIA MEDICA |
| 9 (RLIN) | 556 |
| 650 #0 - PUNTO DE ACCESO ADICIONAL DE MATERIA--TÉRMINO DE MATERIA | |
| Término de materia o nombre geográfico como elemento de entrada | PROTECCION SOCIAL |
| 9 (RLIN) | 62 |
| 650 #0 - PUNTO DE ACCESO ADICIONAL DE MATERIA--TÉRMINO DE MATERIA | |
| Término de materia o nombre geográfico como elemento de entrada | PRESTACIONES DE VEJEZ |
| 9 (RLIN) | 348 |
| 650 #0 - PUNTO DE ACCESO ADICIONAL DE MATERIA--TÉRMINO DE MATERIA | |
| Término de materia o nombre geográfico como elemento de entrada | VIVIENDA |
| 9 (RLIN) | 438 |
| 650 #0 - PUNTO DE ACCESO ADICIONAL DE MATERIA--TÉRMINO DE MATERIA | |
| Término de materia o nombre geográfico como elemento de entrada | DISCRIMINACION POR EDAD |
| 9 (RLIN) | 2533 |
| 650 #0 - PUNTO DE ACCESO ADICIONAL DE MATERIA--TÉRMINO DE MATERIA | |
| Término de materia o nombre geográfico como elemento de entrada | JUBILADO |
| 9 (RLIN) | 7275 |
| 650 #0 - PUNTO DE ACCESO ADICIONAL DE MATERIA--TÉRMINO DE MATERIA | |
| Término de materia o nombre geográfico como elemento de entrada | JUBILACION |
| 9 (RLIN) | 1014 |
| 650 #0 - PUNTO DE ACCESO ADICIONAL DE MATERIA--TÉRMINO DE MATERIA | |
| Término de materia o nombre geográfico como elemento de entrada | DEPENDENCIA |
| 9 (RLIN) | 8792 |
| 650 #0 - PUNTO DE ACCESO ADICIONAL DE MATERIA--TÉRMINO DE MATERIA | |
| Término de materia o nombre geográfico como elemento de entrada | DIA INTERNACIONAL DE LAS PERSONAS DE EDAD |
| 9 (RLIN) | 39767 |
| 650 #0 - PUNTO DE ACCESO ADICIONAL DE MATERIA--TÉRMINO DE MATERIA | |
| Término de materia o nombre geográfico como elemento de entrada | ACTITUD SINDICAL |
| 9 (RLIN) | 61 |
| 710 2# - ENTRADA AGREGADA--NOMBRE DE ENTIDAD CORPORATIVA | |
| Nombre de entidad corporativa o nombre de jurisdicción como elemento de entrada | UGT |
| Unidad subordinada | Comisión Ejecutiva Confederal |
| 9 (RLIN) | 5104 |
| 710 2# - ENTRADA AGREGADA--NOMBRE DE ENTIDAD CORPORATIVA | |
| Nombre de entidad corporativa o nombre de jurisdicción como elemento de entrada | CCOO |
| Unidad subordinada | Pensionistas y Jubilados |
| 9 (RLIN) | 30791 |
| 710 ## - ENTRADA AGREGADA--NOMBRE DE ENTIDAD CORPORATIVA | |
| Nombre de entidad corporativa o nombre de jurisdicción como elemento de entrada | UGT |
| Unidad subordinada | Jubilados y Pensionistas |
| 9 (RLIN) | 33502 |
| 856 ## - LOCALIZACIÓN Y ACCESO ELECTRÓNICOS | |
| Nota pública | |
| Identificador Uniforme de Recursos | <a href="https://docpublicos.ccoo.es/cendoc/072218Manifiesto1Oct2025.pdf">https://docpublicos.ccoo.es/cendoc/072218Manifiesto1Oct2025.pdf</a> |
| 942 ## - ELEMENTOS DE ENTRADA SECUNDARIOS (KOHA) | |
| Tipo de ítem Koha | Documento Electrónico |
| Fuente del sistema de clasificación o colocación | Clasificación Decimal Dewey |
| Estatus retirado | Estado de pérdida | Fuente del sistema de clasificación o colocación | Estado de daño | No para préstamo | Biblioteca de origen | Biblioteca actual | Fecha de adquisición | Número de inventario | Total de préstamos | Código de barras | Visto por última vez | Precio de reemplazo | Tipo de ítem Koha |
|---|---|---|---|---|---|---|---|---|---|---|---|---|---|
| Clasificación Decimal Dewey | CENDO | CENDO | 03/10/2025 | 072218 | 2025-1902 | 03/10/2025 | 03/10/2025 | Documento Electrónico |